000 00479nam a2200157 4500
001 132869
003 ES-MaACL
005 20230906194251.0
007 t|
008 070214q1954 sp r ||||1| spa d
100 1 _aRosich y Rubiera, Juan.
_999781
245 1 3 _aLa renta de viviendas y locales de negocio y sus aumentos legales /
_cJuan Rosich y Rubiera.
260 _a[Barcelona?] :
_b[s.n.],
_c[1954?]
300 _a40 p. ;
_c17 cm.
852 _aES-MaACL
_j1975-F-11
_bR.38497
999 _c132869
_d132869